00341nam a2200157Ia 45000010006000000050017000060080041000230410008000640820016000721000026000882450016001142600009001303000028001396500008001676540008001752454620260414151051.0260414t2008||||xx |||||||||||||| ||spa|| aESP a345.72bT22 aTaruffo, MicheleeAUT 0aLa pruebab c2008 a324 páginas :c23 cm. aDER aCDE